| 000 | 00572nam a22001817a 4500 | ||
|---|---|---|---|
| 005 | 20231228163023.0 | ||
| 010 | _aENG-136317 | ||
| 020 |
_c300.00 _a818928908X |
||
| 035 | _aEN-119849 | ||
| 037 | _bDBAD/PUB | ||
| 082 | _a616.244 | ||
| 100 |
_aGupta,P.D _960369 |
||
| 245 |
_aCorona Gyan: _bKnow corona well,you have to live with it/ _cBy P,D,Gupta |
||
| 260 |
_aJaipur _bCapricorn Publishing House _c2020 |
||
| 270 |
_a4/363,Malviya Nagar, _bJaipur _e302017 _mcphjpr@gmail.com |
||
| 300 |
_a111p.: _c22cm(pbk) _bill. |
||
| 942 |
_2ddc _cEN _h616.2414 _mGUP |
||
| 999 |
_c195181 _d195181 |
||